Renaissance and mannerist art / (Record no. 9969)
[ view plain ]
| 000 -LEADER | |
|---|---|
| fixed length control field | 00877cam a22003011 4500 |
| 001 - CONTROL NUMBER | |
| JCCL Control Number | 9969 |
| 003 - CONTROL NUMBER IDENTIFIER | |
| JCCL marc code | BD-JhCC |
| 005 - DATE AND TIME OF LATEST TRANSACTION | |
| control field | 20180403200618.0 |
| 008 - FIXED-LENGTH DATA ELEMENTS--GENERAL INFORMATION | |
| fixed length control field | 180403s1968 nyua b 000 0 eng |
| 035 ## - SYSTEM CONTROL NUMBER | |
| system control number | (BD-JhCC)9969 |
| 040 ## - CATALOGING SOURCE | |
| Original cataloging agency | DLC |
| Transcribing agency | DLC |
| Modifying agency | DLC |
| -- | BD-JhCC |
| 041 1# - LANGUAGE CODE | |
| Language code of Book | engger |
| 050 00 - LIBRARY OF CONGRESS CALL NUMBER | |
| Classification number | N6370 |
| Item number | .W63 |
| 082 00 - DEWEY DECIMAL CLASSIFICATION NUMBER | |
| Classification number | 709/.4 |
| Author mark and Year | WOL 1968 |
| 100 1# - MAIN ENTRY--PERSONAL NAME | |
| Personal name | Wolf, Robert Erich. |
| 240 10 - UNIFORM TITLE | |
| Uniform title | Geburt der Neuzeit. |
| 245 10 - TITLE STATEMENT | |
| Title | Renaissance and mannerist art / |
| Statement of responsibility, etc | Text by Robert Erich Wolf and Ronald Millen. |
| 260 ## - PUBLICATION, DISTRIBUTION, ETC. (IMPRINT) | |
| Place of publication, distribution, etc | New York : |
| Name of publisher, distributor, etc | Abrams, |
| Date of publication, distribution, etc | 1968. |
| 300 ## - PHYSICAL DESCRIPTION | |
| Pagination | 263 p. |
| Other physical details | illus. (part col.) |
| Dimensions | 23 cm. |
| 490 0# - SERIES STATEMENT | |
| Series statement | Panorama of world art |
| 500 ## - GENERAL NOTE | |
| General note | Translation of Geburt der Neuzeit. |
| 504 ## - BIBLIOGRAPHY, ETC. NOTE | |
| Bibliography, etc | Bibliography: p. 258-[260] |
| 650 #0 - SUBJECT ADDED ENTRY--TOPICAL TERM | |
| Topical term or geographic name as entry element | Art, Renaissance. |
| 650 #0 - SUBJECT ADDED ENTRY--TOPICAL TERM | |
| Topical term or geographic name as entry element | Mannerism (Art) |
| 700 1# - ADDED ENTRY--PERSONAL NAME | |
| Personal name | Millen, Ronald, |
| 942 ## - ADDED ENTRY ELEMENTS (KOHA) | |
| Source of classification or shelving scheme | Dewey Decimal Classification |
| Koha item type | Reference |
| Source of classification or shelving scheme | Damaged status | Not for loan | Home library | Current library | Shelving location | Date of accession | Total Checkouts | Full call number | Barcode | Date last seen | Copy number | Koha item type |
|---|---|---|---|---|---|---|---|---|---|---|---|---|
| Dewey Decimal Classification | JCC Rouf Library | JCC Rouf Library | General Stacks | 04/03/2018 | 709/.4 WOL 1968 | 13427 | 04/03/2018 | C-1 | Reference |